000 01167cam a22002651i 4500
003 SA-RiAUC
005 20250807070228.0
008 250806s2013 su f f000 0 ara c
040 _aSA-MaHRM
_bara
_cSA-RiAUC
_erda
082 0 4 _a252.59
_qSA-RiAUC
090 _a252.59
_bش ر ي
100 1 _aالشريف، شرف علي سلطان،
_d1361 هجري-
_eمؤلف.
245 1 0 _aرمي الجمرات وما يتعلق به من أحكام :
_bدراسة مقارنة في الفقه الإسلامي /
_cشرف علي سلطان الشريف.
250 _aالطبعة الثانية.
264 1 _aمكة المكرمة :
_bجامعة أم القرى،
_c2013
300 _a162 صفحة ؛
_c24 سم.
336 _aنص
_btxt
_2rdacontent
_3كتاب
337 _aبدون وسيط
_bn
_2rdamedia
338 _aمجلد
_bnc
_2rdacarrier
490 0 _aسلسلة بحوث الدراسات الإسلامية / جامعة أم القرى (مكة المكرمة) ؛
_v16
650 7 _aرمي الجمار (فقه إسلامي)
_2aucsh
650 7 _aالحج (فقه إسلامي)
_2aucsh
942 _2ddc
_cBOOK
_n0
949 _aSA-JeALM
_d250806
_umohamedma123
_n1
999 _c10616
_d10616